000 00717nam a2200253Ia 4500
003 OSt
005 20220927110351.0
006 a|||||r|||| 00| 0
007 ta
008 220926b |||||||| |||| 00| 0 eng d
024 _a60925
037 _cReports
040 _aRTL
_cRTL
_beng
041 _2eng
_aeng
082 _a"X621.42r, K9/GD"
110 _a"Japan, (Bank Of-) Economic (Deptt)"
_9376811
245 0 _aIts organization and monetary policies
260 _aTokyo
_bEconomic Research Japan
_c1969
490 _v1969
650 _aCentral Bank
_9376812
700 _a"Japan, (Bank Of-) Economic (Deptt)"
_9376813
942 _h"X621.42r, K9/GD"
_cCC
999 _c695875
_d695875